000 00475pab a2200157 454500
008 180718b1998 xxu||||| |||| 00| 0 eng d
100 _aShaw, Jane
245 _aCultural variations in management practice: an exploration of the management trainer's dilemma
260 _c1998
300 _ap.399-412
362 _aOct
650 _aParamedical personnel - Pakistan
650 _aParamedical personnel
773 _aPublic Administration and Development
909 _a39147
999 _c39147
_d39147